| 000 | 01145nac a22002651u 4500 | ||
|---|---|---|---|
| 010 | _a 2002510995 | ||
| 020 | _a0071377948 | ||
| 035 | _a(OCoLC)ocm50181346 | ||
| 082 | 0 | 0 |
_a005.1 _bG9781 |
| 090 |
_c2243 _d2243 |
||
| 100 | _aGustafson, David A. | ||
| 245 | 1 | 0 |
_aShaum's outline of theory and problems of software engineering / _cDavid A. Gustafson. |
| 246 | 3 | 0 | _aTheory and problems of software engineering |
| 246 | 3 | 0 | _aSoftware engineering |
| 260 |
_aNew York : _bMcGraw-Hill,2002 _c2002. |
||
| 300 |
_aix, 223 p. : _bill. ; _c28 cm. |
||
| 490 | 0 | _aSchaum's outline series | |
| 500 | _a"This book is intended to be used in conjunction with a textbook or lecture notes on software engineering"-- preface. | ||
| 500 | _aIncludes index. | ||
| 650 | 0 | _aSoftware engineering. | |
| 650 | 0 |
_aSoftware engineering _vProblems, exercises, etc. |
|
| 856 | 4 | 2 |
_3Publisher description _uhttp://www.loc.gov/catdir/description/mh031/2002510995.html |
| 942 |
_cBB _k005.1G9781 |
||
| 999 |
_c2243 _d2243 |
||